ZигZаги Vойны. 2025 (Запись № 13688200)

Подробности
000 -МАРКЕР
контрольное поле 01357nam2a2200277 4500
001 - ИДЕНТИФИКАТОР ЗАПИСИ
контрольное поле RU\NLR\BIBL_A\022726489
005 - ИДЕНТИФИКАТОР ВЕРСИИ
контрольное поле 20260415142602.0
010 ## - МЕЖДУНАРОДНЫЙ СТАНДАРТНЫЙ НОМЕР КНИГИ (ISBN)
Номер (ISBN) 978-5-6055095-1-6
Тираж 100
021 ## - НОМЕР ГОСУДАРСТВЕННОЙ РЕГИСТРАЦИИ
Код страны Российская Федерация
Номер КН-П-25-077589
Номер Листа государственной регистраци КН-П-25-7524
021 ## - НОМЕР ГОСУДАРСТВЕННОЙ РЕГИСТРАЦИИ
Код страны Российская Федерация
Номер КН-П-25-077589
Номер Листа государственной регистраци КН-П-25-7524
035 ## - ДРУГИЕ СИСТЕМНЫЕ НОМЕРА
Идентификатор записи (NLR Aleph) 022726489
100 ## - ДАННЫЕ ОБЩЕЙ ОБРАБОТКИ
Данные общей обработки 20260212d2025 u y0rusy50 ca
101 0# - ЯЗЫК РЕСУРСА
Язык текста, звукозаписи и т.д. русский
102 ## - СТРАНА ПУБЛИКАЦИИ ИЛИ ПРОИЗВОДСТВА
Страна публикации Российская Федерация
105 ## - ПОЛЕ КОДИРОВАННЫХ ДАННЫХ: ТЕКСТОВЫЕ МАТЕРИАЛЫ, МОНОГРАФИЧЕСКИЕ
Кодированные данные о монографическом текстовом документе a z 000zy
200 0# - ЗАГЛАВИЕ И СВЕДЕНИЯ ОБ ОТВЕТСТВЕННОСТИ
Основное заглавие 2025
210 ## - ПУБЛИКАЦИЯ, РАСПРОСТРАНЕНИЕ И ДР.
Дата издания, распространения и т.д. 2025
215 ## - ФИЗИЧЕСКАЯ ХАРАКТЕРИСТИКА
Специфическое обозначение материала и объем 116, [3] с.
Другие сведения о физической характеристике ил.
327 0# - ПРИМЕЧАНИЯ О СОДЕРЖАНИИ
Текст примечания Содерж.: авт.: Анна Георгиева, Лариса Гребенюк, С. Г. Малиновски, Елена Наливина, Саша Русский, Виктория Лебедева, Марина Шехватова, Александр Швецов, Наталья Дрёмова, Марат Муниров [и др.]
333 ## - ПРИМЕЧАНИЯ ОБ ОСОБЕННОСТЯХ РАСПРОСТРАНЕНИЯ И ИСПОЛЬЗОВАНИЯ
Текст примечания 14+
461 #0 - УРОВЕНЬ НАБОРА
Встроенное поле 001RU\NLR\BIBL_A\022784347
-- 2001#$aZигZаги Vойны$eсборник произведений о войне$fсоставитель: Малышев С. Н.$v2025
Системный номер (АБИС) связанной записи 13689578
Место публикации Симферополь
Дата публикации 2024-
Первые сведения об ответственности составитель: Малышев С. Н.
Имя издателя, распространителя и т.д. СеЖеГа
Сведения, относящиеся к заглавию сборник произведений о войне
Заглавие ZигZаги Vойны
Номер тома 2025
942 ## - ДОПОЛНИТЕЛЬНЫЕ ЭЛЕМЕНТЫ ЗАПИСИ (АБИС)
Тип экземпляра АБИС Книга
980 ## - КОЛЛЕКЦИЯ
Название коллекции Национальная библиография

Нет доступных экземпляров.